000
00259nam a2200097Ia 4500
001
1224392
005
20250827092925.0
008
250824s9999 xx 000 0 und d
245
0
_a
TOPLAR KİMİN İÇİN YUVARLANIYOR
_c
DAV PİLKEY
260
_b
ALTIN KİTAPLAR
999
_c
1224392
_d
1224392